000 00663nam a22002297a 4500
003 UA-OsUOA
001 40539
007 ta
008 20060809b un ||||| |||| 00| 0 ukr d
090 _a22,04
942 _cBK
040 _aUA-OsUOA
_brus
_cUA-OsUOA
_dUA-OsUOA
245 _aБиблия
_bКниги священного писания Ветхого и Нового завета
300 _a285 с.
955 _a2
041 _arus
080 _a22,04
020 _a5-85524-129-7
260 _aМ.
_bРоссийское библейское общество
_c2001
650 7 _a22 Біблія. Святе писання
_2UDC
999 _c326677
_d326677